| 000 | 00664nam a2200181 a 4500 | ||
|---|---|---|---|
| 008 | 120416s1986 ||||||||||||||||| || u | ||
| 020 | _a0908306024 | ||
| 050 | _aNA 1596.6R5 Jac | ||
| 100 | _aJackson, Peter | ||
| 245 | 1 | 0 | _aHistorical buildings of Harare (1890-1940) |
| 260 |
_aHarare: _bQuest Publishing _c1986 |
||
| 300 | _ax, 134p. : ill. | ||
| 350 | _a0.00 | ||
| 650 | _aARCHITECTURE--ZIMBABWE--HARARE--CATALOGS | ||
| 650 | _aARCHITECTURE--UNITED STATES--HISTORY | ||
| 700 | _aLassen, Neils | ||
| 995 |
_D0.00 _FCBU-MAIN LIBRARY (Kitwe) _H1 _I7.00 _M1 _UAVAILABLE _ZMain Library Open Access Collection |
||
| 999 |
_c45570 _d45570 |
||